Cases and materials on criminal law / (Record no. 3848)

000 -LEADER
fixed length control field 00976cam a2200265 a 4500
003 - CONTROL NUMBER IDENTIFIER
control field ALUPE UNIVERSITY COLLEGE
005 - DATE AND TIME OF LATEST TRANSACTION
control field 20220218081502.0
008 - FIXED-LENGTH DATA ELEMENTS--GENERAL INFORMATION
fixed length control field 220218b ||||| |||| 00| 0 eng d
020 ## - INTERNATIONAL STANDARD BOOK NUMBER
International Standard Book Number 0314177191
020 ## - INTERNATIONAL STANDARD BOOK NUMBER
International Standard Book Number 9780314177193
020 ## - INTERNATIONAL STANDARD BOOK NUMBER
International Standard Book Number 9780314177186
020 ## - INTERNATIONAL STANDARD BOOK NUMBER
International Standard Book Number 0314177183
040 ## - CATALOGING SOURCE
Transcribing agency ALUPE UNIVERSITY COLLEGE
050 00 - LIBRARY OF CONGRESS CALL NUMBER
Classification number KF9218
Item number .D74 2007
100 1# - MAIN ENTRY--PERSONAL NAME
Personal name Dressler, Joshua.
Authority record control number or standard number http://id.loc.gov/authorities/names/n88058530
245 10 - TITLE STATEMENT
Title Cases and materials on criminal law /
Statement of responsibility, etc. by Joshua Dressler.
250 ## - EDITION STATEMENT
Edition statement 4th ed.
260 ## - PUBLICATION, DISTRIBUTION, ETC.
Place of publication, distribution, etc. St. Paul, MN :
Name of publisher, distributor, etc. Thomson/West,
Date of publication, distribution, etc. c2007.
300 ## - PHYSICAL DESCRIPTION
Extent lxxi, 1044 p. ;
Dimensions 26 cm.
504 ## - BIBLIOGRAPHY, ETC. NOTE
Bibliography, etc. note Includes bibliographical references (p. li-lxix) and index.
650 #0 - SUBJECT ADDED ENTRY--TOPICAL TERM
Topical term or geographic name entry element Criminal law
Geographic subdivision United States
Form subdivision Cases.
Authority record control number or standard number http://id.loc.gov/authorities/subjects/sh2008101916
655 #7 - INDEX TERM--GENRE/FORM
Authority record control number or standard number http://id.loc.gov/authorities/genreForms/gf2011026115
830 #0 - SERIES ADDED ENTRY--UNIFORM TITLE
Authority record control number or standard number http://id.loc.gov/authorities/names/n42001766
942 ## - ADDED ENTRY ELEMENTS (KOHA)
Source of classification or shelving scheme
Koha item type Book
Suppress in OPAC WO
Holdings
Withdrawn status Lost status Source of classification or shelving scheme Damaged status Not for loan Permanent Location Current Location Shelving location Date acquired Source of acquisition Total Checkouts Full call number Barcode Date last seen Price effective from Koha item type Public note
          AU LIBRARY AU LIBRARY Open Shelf 18.02.2022 DONATION FROM MOI UNIVERSITY   KF9218 .D74 2007 28005438 18.02.2022 18.02.2022 Book WO

Powered by Koha